Halliday v SoS Transport (Record no. 72269)
[ view plain ]
| 000 -LEADER | |
|---|---|
| fixed length control field | 02136cam a2200229 4500 |
| 001 - CONTROL NUMBER | |
| control field | ABS66461 |
| 008 - FIXED-LENGTH DATA ELEMENTS--GENERAL INFORMATION | |
| fixed length control field | 030307n2003 000 0 eng u |
| 035 ## - SYSTEM CONTROL NUMBER | |
| System control number | (Sirsi) u121574 |
| 245 ## - TITLE STATEMENT | |
| Title | Halliday v SoS Transport |
| 260 ## - PUBLICATION, DISTRIBUTION, ETC. | |
| Date of publication, distribution, etc. | 2003 |
| 490 ## - SERIES STATEMENT | |
| Series statement | Rating and Valuation Reporter |
| Volume/sequential designation | [2003] RVR 12-15(4) |
| 520 ## - SUMMARY, ETC. | |
| Summary, etc. | LT 24 January 2003. Claimant (H) served notice that a house she owned, six miles from Stansted Airport and 1.5 miles from the airport boundary, was blighted land within the Town and Country Planning Act 1990 Sched 13 para 1(b), having been affected by the government publication, "The future development of air transport in the United Kingdom". A counter notice was served on behalf of SoS Transport, objecting that no part of the property constituted blighted land; the objection was referred to LT. H had been trying to sell the property but was advised to drop the price by her agents after the report's publication, due to the fact that the property could be included in an action area if Stansted Airport was expanded. H also claimed that the blighting contravened the European Convention on Human Rights and breached her right to respect for private and family life, home and correspondence. "Held": H had failed to show the SoS's objection was not well founded and the objection should be upheld because there was nothing in the report to indicate that the house would be affected in any way. H could not invoke the convention rights as her circumstances fell far short of any that might involve such rights. View judgment at www.courtservice.gov.uk/tribunals/lands_frm.htm. |
| 590 ## - LOCAL NOTE (RLIN) | |
| Local note | ABS |
| 650 ## - SUBJECT ADDED ENTRY--TOPICAL TERM | |
| Topical term or geographic name entry element | HALLIDAY V SOS TRANSPORT (2002) |
| 650 ## - SUBJECT ADDED ENTRY--TOPICAL TERM | |
| Topical term or geographic name entry element | BLIGHT NOTICES |
| 650 ## - SUBJECT ADDED ENTRY--TOPICAL TERM | |
| Topical term or geographic name entry element | AIRPORT EXPANSION |
| 650 ## - SUBJECT ADDED ENTRY--TOPICAL TERM | |
| Topical term or geographic name entry element | TOWN AND COUNTRY PLANNING ACT 1990 SCHED 13 PARA 1(B) |
| 650 ## - SUBJECT ADDED ENTRY--TOPICAL TERM | |
| Topical term or geographic name entry element | HUMAN RIGHTS ACT 1998 |
| 690 ## - LOCAL SUBJECT ADDED ENTRY--TOPICAL TERM (OCLC, RLIN) | |
| Topical term or geographic name as entry element | ENVIRONMENTAL AND LAND CONSULTANCY-PLANNING AND DEVELOPMENT |
| 856 ## - ELECTRONIC LOCATION AND ACCESS | |
| Uniform Resource Identifier | <a href="https://www.bailii.org/cgi-bin/markup.cgi?doc=/ew/cases/EWLands/2003/BNO_129_2002.html&query=Halliday+and+v+and+SoS+and+Transport&method=boolean">https://www.bailii.org/cgi-bin/markup.cgi?doc=/ew/cases/EWLands/2003/BNO_129_2002.html&query=Halliday+and+v+and+SoS+and+Transport&method=boolean</a> |
| Public note | View the judgment free of charge at www.bailii.org |
| 942 ## - ADDED ENTRY ELEMENTS (KOHA) | |
| Suppress in OPAC | 0 |
| Withdrawn status | Lost status | Source of classification or shelving scheme | Damaged status | Not for loan | Home library | Current library | Shelving location | Date acquired | Total Checkouts | Full call number | Barcode | Date last seen | Copy number | Price effective from | Koha item type |
|---|---|---|---|---|---|---|---|---|---|---|---|---|---|---|---|
| Dewey Decimal Classification | London | London | Journal article | 07/03/2003 | ABS66461 | 121574-1001 | 06/08/2019 | 1 | 06/08/2019 | Journal article |